|
|
|
|
| LEADER |
00000nab a2200000 r4500 |
| 001 |
vtls012054988 |
| 003 |
SK-MaSNL |
| 005 |
20260303165940.0 |
| 008 |
210520c2017 xo |r|p|||ab |000 b|slo |
| 015 |
|
|
|a SNBRB2021/05
|
| 038 |
|
|
|a SPK
|
| 040 |
|
|
|a SPKCL
|b slo
|c rda
|e AACR2
|
| 041 |
0 |
|
|a slo
|b eng
|
| 044 |
|
|
|a xo
|c SK
|
| 072 |
|
7 |
|a 37.09
|x Organizácia výučby a vzdelávanie
|2 konspekt
|
| 072 |
|
7 |
|a 811.133.1
|x Francúzština
|2 konspekt
|
| 080 |
|
|
|a 37.091.274
|2 2011
|
| 080 |
|
|
|a 811.133.1
|2 2011
|
| 100 |
1 |
|
|a Bírová, Jana,
|d 1979-
|4 aut
|9 173530
|
| 245 |
1 |
0 |
|a K maturitnej skúške z francúzskeho jazyka – diachrónny prehľad a analýza súčasného stavu
|c Jana Bírová
|
| 246 |
3 |
1 |
|a On Secondary School Leaving Examination from French – Diachronic Survey and a Contemporary State Analysis
|
| 300 |
|
|
|b Grafy, tabuľky
|
| 336 |
|
|
|a text
|b txt
|2 rdacontent
|
| 337 |
|
|
|a počítač
|b c
|2 rdamedia
|
| 338 |
|
|
|a online zdroj
|b cr
|2 rdacarrier
|
| 504 |
|
|
|a Obsahuje bibliografiu a bibliografické odkazy
|
| 546 |
|
|
|a Anglické resumé
|
| 650 |
0 |
7 |
|a maturitné skúšky
|2 SNKPH
|9 66554
|
| 650 |
0 |
7 |
|a francúzština
|2 SNKPH
|9 1355
|
| 773 |
0 |
|
|t Scientia et Eruditio : filológia
|g Roč. 1, č. 3 (2017), s. 52-66
|x 2585-8556
|
| 852 |
|
|
|a SPK
|b KIS3GCP
|
| 856 |
4 |
1 |
|a https://pdf.truni.sk/see/
|
| 958 |
|
|
|a NB
|
| 999 |
|
|
|c 2074513
|d 2076443
|